000 00887nam a22002297a 4500
999 _c65298
_d65298
005 20240530110817.0
008 190703s2019 ua g b 000 0 ara d
040 _aEG-CaGPL
_cEG-CaGPL
082 0 4 _221
_a530.11/
_bع ف
100 0 _aعادل عوض
245 1 0 _aفلسفة العلم فى فيزياء اينشتين :
_bبحث فى منطق التفكير العلمى /
_cعادل عوض
260 _aالاسكندرية :
_bدار الوفاء لدنيا الطباعة و النشر،
_c2019.
300 _a386 ص. ؛
_c24 سم.
504 _aيشتمل على ارجاعات ببليوجرافية و فهرس
650 0 7 _2qrmak
_aالفيزياء
650 0 7 _2qrmak
_aالنسبية
650 0 7 _2qrmak
_aنظرية الكم
650 0 7 _2qrmak
_aالجاذبية الارضية
651 _2qrmak
942 _2ddc
_cBK